| 000 | 00494cam a2200193Ii 4500 | ||
|---|---|---|---|
| 020 | _a9788792786982 | ||
| 020 | _a8791563232 | ||
| 040 | _cBTCTA | ||
| 041 | 1 | _hund | |
| 082 | 0 | 4 | _a305 THE 2020 C295 Or. |
| 245 | 0 | 4 | _aThe Indigenous World 2020 / |
| 300 |
_a594 pages : _bmaps ; _c21 cm |
||
| 650 | 0 | _aIndigenous peoples. | |
| 650 | 0 | _aHuman rights. | |
| 650 | 0 | _aCivil rights. | |
| 700 | 1 | _aStidsen, Sille. | |
| 710 | 2 | _aInternational Work Group for Indigenous Affairs. | |
| 942 | _cAEDBB | ||
| 999 |
_c22262 _d22262 |
||